Japanese Vocab (family) - Statistics

General Stats
  • This quiz has been taken 20 times
  • The average score is 10 of 25
Answer Stats
Hint Answer % Correct
Birthday Tanjoubi
100%
Two people Futari
67%
*company* worker Kaishain
67%
Marriage Kekkon
67%
Everyone Minna
67%
20 years old Hatachi
50%
One person Hitori
50%
Mirror Kagami
50%
They Karera
50%
Family Kazoku
50%
Roof Yane
50%
Someone Dareka
33%
Girl/daughter Onna no ko
33%
Man Otoko no hito
33%
Boy/son Otoko no ko
33%
Pupil Seito
33%
Hobby Shumi
33%
Grandmother Sobo
33%
Grandfather Sofu
33%
Business card Meishi
17%
Woman Onna no hito
17%
Your/their home/family Ouchi
17%
Parents Ryoushin
17%
Sports player Senshu
17%
Employee Shain
17%
No matching quizzes found
Score Distribution
Percent of People with Each Score
Percentile by Number Answered
Your Score History
You have not taken this quiz